Prezydenci USA na których był zamach - Statystyki

Ogólne statystyki
  • Ten quiz został rozwiązany 11 razy
  • Średni wynik to 9 z 17
Statystyki odpowiedzi
Rok
zamachu
Prezydent Skutek
śmiertelny?
% Poprawnych
1865 Abraham Lincoln tak
89%
2024 Donald Trump nie
67%
2008 George W. Bush nie
67%
2026 Donald Trump nie
56%
2005 George H.W Bush nie
56%
1963 John F. Kennedy tak
56%
1981 Ronald Reagan nie
56%
1901 William McKinley tak
56%
1835 Andrew Jackson nie
44%
1933 Franklin Delano Roosevelt nie
44%
1975 (x2) Gerald Ford nie
44%
1950 Harry Truman nie
44%
1881 James Garfield tak
44%
1979 Jimmy Carter nie
44%
1972 Richard Nixon nie
44%
1912 Theodore Roosevelt nie
44%
1909 William Taft nie
33%
Nie znaleziono quizów pasujących do podanych kryteriów
Rozkład punktacji
Procent ludzi z każdym wynikiem
Percentyl według liczby udzielonych odpowiedzi
Twoja historia wyników
Nie rozwiązałeś tego quizu